00684 2200253 4500001002100000005001500021035002000036007000300056008003900059082001600098084002200114100001600136245007200152260003500224300002900259650001900288650001700307700001700324310001800341856002900359321000600388022001400394990002200408INLIS00000000000725420250211022354 a0010-0225000021ta250211 | | |  a633.83(594) a633.83(594) HAM p0 aHAMIDI, Eko1 aPerkembangan Teknologi Tanaman Rempah dan Obat Vol.XVII No.2, 2005 aBogor :bCV. Sinar Jaya,c2005 a98p. :bilus ;c25 cme- 4aTanaman rempah 4aTanaman obat0 aFammi Wizali aVol.XVII No.2 aPerpustakaan BPSIP JATIM a- a1829-6289 a60/2025/BSIPJATIM